00313nam a2200109Ia 4500008004100000082001700041100002200058245004900080260005000129300000800179650001600187191201s2004 xx 000 0 und d a005.133bJAS aJAWADKAR, Waman S 0aSoftware Engineering Principles and Practice aN.DelhibTata Mc Graw Hill Pub. co. Ltdc2004 a844 aB.Tech(CSE)